000 00540nam a22002177a 4500
003 OSt
005 20140310183039.0
008 130222t xxu||||| |||| 00| 0 eng d
020 _a971234505
050 _aRT 84.5
_b.P123 2006
100 _aPadilla , Reynaldo A.
245 _aPhilosophy of man for nursing /
_cPadilla, Reynaldo A.
260 _aManila :
_bRex Book Store ;
_c2006.
300 _a202 p.
_c22 cm.
521 _aNUR
562 _e2
942 _2lcc
_cBK
_kLOC
999 _c18513
_d18513